Nursing theorists and their work / (Record no. 97669)
[ view plain ]
| 000 -LEADER | |
|---|---|
| fixed length control field | 02004cam a2200349 a 4500 |
| 008 - FIXED-LENGTH DATA ELEMENTS--GENERAL INFORMATION | |
| fixed length control field | |
| 020 ## - INTERNATIONAL STANDARD BOOK NUMBER | |
| International Standard Book Number | 9780323030106(paperback). |
| 040 ## - CATALOGING SOURCE | |
| Original cataloging agency | NUST |
| Transcribing agency | NUST |
| 049 ## - LOCAL HOLDINGS (OCLC) | |
| Holding library | MAIN |
| 050 #4 - LIBRARY OF CONGRESS CALL NUMBER | |
| Classification number | RT84.5 |
| Item number | .N9738 2006. |
| 090 ## - LOCALLY ASSIGNED LC-TYPE CALL NUMBER (OCLC); LOCAL CALL NUMBER (RLIN) | |
| Classification number (OCLC) (R) ; Classification number, CALL (RLIN) (NR) | RT84.5 |
| Local cutter number (OCLC) ; Book number/undivided call number, CALL (RLIN) | ALL. |
| 003 - CONTROL NUMBER IDENTIFIER | |
| control field | |
| 005 - DATE AND TIME OF LATEST TRANSACTION | |
| control field | 20230120144501.0 |
| 100 ## - MAIN ENTRY--PERSONAL NAME | |
| Personal name | Alligood, Martha.Raile. |
| 245 00 - TITLE STATEMENT | |
| Title | Nursing theorists and their work / |
| Statement of responsibility, etc. | Martha Raile Alligood. |
| 250 ## - EDITION STATEMENT | |
| Edition statement | 8th edition. |
| 260 ## - PUBLICATION, DISTRIBUTION, ETC. | |
| Place of publication, distribution, etc. | St. Louis, Mo. : |
| Name of publisher, distributor, etc. | Mosby/Elsevier, |
| Date of publication, distribution, etc. | 2014. |
| 300 ## - PHYSICAL DESCRIPTION | |
| Extent | xvii, 746 pages. : |
| Other physical details | illustrations ; |
| Dimensions | 24 cm. |
| 336 ## - CONTENT TYPE | |
| Content type term | text |
| Content type code | txt |
| Source | rdacontent. |
| 337 ## - MEDIA TYPE | |
| Media type term | unmediated |
| Media type code | 2rdamedia. |
| 338 ## - CARRIER TYPE | |
| Carrier type term | volume |
| Source | rdacarrier. |
| 504 ## - BIBLIOGRAPHY, ETC. NOTE | |
| Bibliography, etc. note | Includes bibliographical references and index. |
| 505 0# - FORMATTED CONTENTS NOTE | |
| Formatted contents note | Introduction to nursing theory: its history, significance, and analysis / Martha Raile Alligood -- History and philosophy of science / Sue Marquis Bishop and Sonya R. Hardin -- Logical reasoning / Sue Marquis Bishop and Sonya R. Hardin -- Theory development process / Sue Marquis Bishop and Sonya R. Hardin -- Nursing theorists of historical significance: Hildegard E. Peplau, Faye Glenn Abdellah, Ernestine Wiedenbach, Lydia Hall, Virginia Henderson, Joyce Travelbee, Kathryn E. Barnard, Evelyn Adam, Nancy Roper, Winifred W. Logan, Alison J. Tierney / Ann Marriner Tomey -- Florence Nightingale: modern nursing / Susan A. Pfettscher -- Jean Watson: philosophy and science of caring / Ruth M. Neil and Ann Marriner Tomey -- Marilyn Anne Ray: theory of bureaucratic caring / Sherrilyn Coffman -- Patricia Benner: from novice to expert: excellence and power in clinical nursing practice / Karen A. Brykczynski -- Kari Martinsen. |
| 650 #0 - SUBJECT ADDED ENTRY--TOPICAL TERM | |
| Topical term or geographic name entry element | Nursing |
| General subdivision | Philosophy. |
| 650 #0 - SUBJECT ADDED ENTRY--TOPICAL TERM | |
| Topical term or geographic name entry element | Nursing models. |
| 650 #0 - SUBJECT ADDED ENTRY--TOPICAL TERM | |
| Topical term or geographic name entry element | Nursing |
| General subdivision | Philosophy |
| Form subdivision | Biography. |
| 650 #0 - SUBJECT ADDED ENTRY--TOPICAL TERM | |
| Topical term or geographic name entry element | Nurses |
| Form subdivision | Biography. |
| 700 1# - ADDED ENTRY--PERSONAL NAME | |
| Personal name | Marriner-Tomey, Ann. |
| 700 1# - ADDED ENTRY--PERSONAL NAME | |
| Personal name | Alligood, Martha Raile. |
| 907 ## - LOCAL DATA ELEMENT G, LDG (RLIN) | |
| a | .b10398922 |
| b | 22-01-20 |
| c | 22-01-20 |
| 942 ## - ADDED ENTRY ELEMENTS (KOHA) | |
| Koha item type | Ordinary Loan Books |
| Call number prefix | RT84.5 |
| Call number suffix | ALL. |
| Date last seen | Total Checkouts | Full call number | Barcode | Cost, replacement price | Price effective from | Koha item type | Lost status | Source of classification or shelving scheme | Damaged status | Not for loan | Collection | Withdrawn status | Home library | Current library | Shelving location | Date acquired | Cost, normal purchase price |
|---|---|---|---|---|---|---|---|---|---|---|---|---|---|---|---|---|---|
| 01/20/2023 | RT84.5 .N9738 ALL | 92004046686 | 80.00 | 01/20/2023 | BOOKS | LCC | NFIC | MAIN | MAIN | GEN | 01/20/2023 | 80.00 |